[Event "EU-ch U14"]
[Site "Albena"]
[Date "2011.09.11"]
[Round "1"]
[White "Huber, Martin Christian"]
[Black "Budkovsky, Dmitry"]
[Result "1-0"]
[WhiteElo "2133"]
[BlackElo "1823"]
[PlyCount "53"]
[EventDate "2011.09.11"]
[EventType "swiss"]
[EventRounds "9"]
[EventCountry "BUL"]
[SourceTitle "CBM 144 Extra"]
[Source "ChessBase"]
[SourceDate "2011.10.28"]
[SourceVersion "1"]
[SourceVersionDate "2011.10.28"]
[SourceQuality "1"]

1. d4 d5 2. c4 c6 3. Nf3 Nf6 4. e3 g6 5. Nc3 Bg7 6. cxd5 Nxd5 7. h3 0-0 8. Be2 c5 9. e4 Nxc3 10. bxc3 Nc6 11. Be3 Qa5 12. Qd2 Rd8 13. Rd1 Be6 14. 0-0 Bxa2 15. Qb2 cxd4 16. cxd4 Be6 17. Qxb7 Bd7 18. Bf4 e5 19. Nxe5 Nxe5 20. dxe5 Be6 21. Ra1 Qc5 22. Rfc1 Qd4 23. Rd1 Qc3 24. Bg5 Rdb8 25. Rxa7 Rxb7 26. Rxa8+ Bf8 27. Bh6 1-0